000 00619nam a2200241Ia 4500
003 OSt
005 20221007075253.0
006 a|||||r|||| 00| 0
007 ta
008 221006b |||||||| |||| 00| 0 eng d
024 _a5,024
037 _cTextual
040 _aFLL
_cFLL
_beng
041 _2eng
_aeng
082 _aZ2,853, N8
100 _aMogha P.C. Au.
_9682503
245 0 _aLaw of pleadings in india
250 _a15th
260 _aNew Delhi
_bEastern law house India
_c1989
300 _a1134P
_ccm.
942 _hZ2,853, N8
_cTEXL
_2CC
999 _c1155428
_d1155428